El derecho de los NNA a una escucha contextualizada en los procesos de adopción / (Registro nro. 6216)
[ vista simple ]
| 000 -LEADER | |
|---|---|
| fixed length control field | 01109nab a22002417a 4500 |
| 003 - CONTROL NUMBER IDENTIFIER | |
| control field | OSt |
| 005 - DATE AND TIME OF LATEST TRANSACTION | |
| control field | 20260126002122.0 |
| 008 - FIXED-LENGTH DATA ELEMENTS--GENERAL INFORMATION | |
| fixed length control field | 190514b xxu||||| |||| 00| 0 spa d |
| 040 ## - CATALOGING SOURCE | |
| Transcribing agency | PJ |
| 100 ## - MAIN ENTRY--PERSONAL NAME | |
| 9 (RLIN) | 6476 |
| Personal name | Nieve Bensabath, Catriel Josué |
| 245 13 - TITLE STATEMENT | |
| Title | El derecho de los NNA a una escucha contextualizada en los procesos de adopción / |
| Statement of responsibility, etc | Catriel Josué Nieve Bensabath. |
| 300 ## - PHYSICAL DESCRIPTION | |
| Extent | p. 28-34 |
| 500 ## - GENERAL NOTE | |
| General note | Cita: TR LALEY AR/DOC/2117/2024. |
| 505 ## - FORMATTED CONTENTS NOTE | |
| Formatted contents note | Sumario: I. Palabras preliminares.— II. Presentación del caso.— III. Análisis de la resolución.— IV. Conclusiones. |
| 505 ## - FORMATTED CONTENTS NOTE | |
| Title | Fallo comentado: CCiv. y Com., Necochea ~ 04/04/2024 ~ A. A. M. s/ adopción. Acciones vinculadas. |
| 650 #0 - SUBJECT ADDED ENTRY--TOPICAL TERM | |
| 9 (RLIN) | 967 |
| Topical term or geographic name as entry element | DERECHO DE FAMILIA |
| 650 #0 - SUBJECT ADDED ENTRY--TOPICAL TERM | |
| 9 (RLIN) | 2741 |
| Topical term or geographic name as entry element | DERECHOS DE LAS NIÑAS, NIÑOS Y ADOLESCENTES |
| 650 #0 - SUBJECT ADDED ENTRY--TOPICAL TERM | |
| 9 (RLIN) | 974 |
| Topical term or geographic name as entry element | ADOPCIÓN |
| 650 #0 - SUBJECT ADDED ENTRY--TOPICAL TERM | |
| 9 (RLIN) | 4378 |
| Topical term or geographic name as entry element | DERECHO A SER OÍDO |
| 650 #0 - SUBJECT ADDED ENTRY--TOPICAL TERM | |
| 9 (RLIN) | 1057 |
| Topical term or geographic name as entry element | JURISPRUDENCIA APLICABLE |
| 773 0# - HOST ITEM ENTRY | |
| Host Biblionumber | 2844 |
| Host Itemnumber | 3222 |
| Place, publisher, and date of publication | Buenos Aires : AbeledoPerrot, 1989- |
| Title | Derecho de familia. Revista Interdisciplinaria de doctrina y jurisprudencia. Octubre 2024-V. |
| International Standard Book Number | 18511201 |
| 942 ## - ADDED ENTRY ELEMENTS (KOHA) | |
| Source of classification or shelving scheme | |
| Koha item type | Analítica Artículo de Revista |
No hay ítems disponibles.
